000 00211nam a2200085Ia 4500
008 120527s9999 xx 000 0 und d
100 _aBlumenthal & Goodenagh
245 _aThis busisness of television
942 _cBK
999 _c27180
_d27180